00607 2200241 4500001002100000005001500021035002000036007000300056008004100059082001200100084001400112100001800126245004300144260003400187300002900221500003000250650001400280040001700294090001600311850001200327041000800339990001800347INLIS00000000084423320190113125624 a0010-0119000605ta190113 f 0 dut 04223a630 a630 TER u1 aTerra, G.J.A.10aUienteelt in de tropen /cG.J.A. Terra2 aBuitenzorg :bArchipel,c1936 a117-132 halaman ;c25 cm aTeks dalam bahasa Belanda 4aPertanian aYOPDYOGbind aL 630 TER u aYOPDYOG0 adut a62428-PD/A.18